MARC details
| 000 -LEADER |
| campo de control de longitud fija |
02157nab a2200409 i 4500 |
| 001 - NÚMERO DE CONTROL |
| campo de control |
ELB12226 |
| 003 - IDENTIFICADOR DE NÚMERO DE CONTROL |
| campo de control |
FINmELB |
| 005 - FECHA Y HORA DE LA ÚLTIMA TRANSACCIÓN |
| campo de control |
20250326043819.0 |
| 006 - CÓDIGOS DE INFORMACIÓN DE LONGITUD FIJA--CARACTERÍSTICAS DEL MATERIAL ADICIONAL |
| campo de control de longitud fija |
m o u |
| 007 - CAMPO FIJO DE DESCRIPCIÓN FÍSICA--INFORMACIÓN GENERAL |
| campo de control de longitud fija |
cr cn||||||||| |
| 008 - DATOS DE LONGITUD FIJA--INFORMACIÓN GENERAL |
| campo de control de longitud fija |
230524c20039999cl tr p o 0 0spa d |
| 022 ## - NÚMERO INTERNACIONAL NORMALIZADO PARA PUBLICACIONES SERIADAS |
| Número Internacional Normalizado para Publicaciones Seriadas |
0718-1337 |
| ISSN-L |
0717-1072 |
| 035 ## - NÚMERO DE CONTROL DEL SISTEMA |
| Número de control de sistema |
(OCoLC)1385419246 |
| 040 ## - FUENTE DE CATALOGACIÓN |
| Centro catalogador/agencia de origen |
FINmELB |
| Lengua de catalogación |
spa |
| Normas de descripción |
rda |
| Centro/agencia transcriptor |
FINmELB |
| 050 #4 - SIGNATURA TOPOGRÁFICA DE LA BIBLIOTECA DEL CONGRESO |
| Número de clasificación |
TA4 |
| Número de ítem |
.O873 2003 |
| 080 ## - NÚMERO DE LA CLASIFICACIÓN DECIMAL UNIVERSAL |
| Número de la Clasificación Decimal Universal |
62(045) |
| 082 04 - NÚMERO DE LA CLASIFICACIÓN DECIMAL DEWEY |
| Número de clasificación |
620.005 |
| Número de edición |
23 |
| 100 1# - ENTRADA PRINCIPAL--NOMBRE DE PERSONA |
| Nombre de persona |
Ossandón N., Yanko, |
| Término indicativo de función/relación |
autor. |
| 245 10 - MENCIÓN DEL TÍTULO |
| Título |
Evaluación de los aprendizajes en ingeniería / |
| Mención de responsabilidad, etc. |
Yanko Ossandón N. y Víctor Barrientos Núñez. |
| 264 #1 - PRODUCCIÓN, PUBLICACIÓN, DISTRIBUCIÓN, FABRICACIÓN Y COPYRIGHT |
| Producción, publicación, distribución, fabricación y copyright |
Arica, Chile : |
| Nombre del de productor, editor, distribuidor, fabricante |
Universidad de Tarapaca, |
| Fecha de producción, publicación, distribución, fabricación o copyright |
2003. |
| 310 ## - PERIODICIDAD ACTUAL |
| Periodicidad actual |
Cuatrimestral |
| 336 ## - TIPO DE CONTENIDO |
| Término de tipo de contenido |
texto |
| Código de tipo de contenido |
txt |
| Fuente |
rdacontent/spa |
| 337 ## - TIPO DE MEDIO |
| Nombre/término del tipo de medio |
computadora |
| Código del tipo de medio |
c |
| Fuente |
rdamedia/spa |
| 338 ## - TIPO DE SOPORTE |
| Nombre/término del tipo de soporte |
recurso en línea |
| Código del tipo de soporte |
cr |
| Fuente |
rdacarrier/spa |
| 520 ## - RESUMEN, ETC. |
| Sumario, etc. |
Los académicos investigadores compartirán los resultados de la utilización de un sitio de educación a distancia como elemento de apoyo al proceso de enseñanza aprendizaje de alumnos de la Facultad de Ingeniería de la Universidad de Tarapacá. Utilizando una plataforma de software propia, se instaló en ella un módulo educativo con el fin de medir la efectividad del aprendizaje no presencial respecto de los mismos contenidos en la modalidad presencial. |
| 588 ## - NOTA DE FUENTE DE LA DESCRIPCIÓN |
| Nota de fuente de la descripción |
Descripción basada en metadatos suministrados por el editor y otras fuentes. |
| 588 ## - NOTA DE FUENTE DE LA DESCRIPCIÓN |
| Nota de fuente de la descripción |
Descripción basada en Revista Facultad de Ingeniería, vol. 11, n. 1 (2003), P. 57-64. |
| 590 ## - NOTA LOCAL (RLIN) |
| Nota local |
Recurso electrónico. Santa Fe, Arg.: elibro, 2023. Disponible vía World Wide Web. El acceso puede estar limitado para las bibliotecas afiliadas a elibro. |
| 650 #4 - PUNTO DE ACCESO ADICIONAL DE MATERIA--TÉRMINO DE MATERIA |
| Término de materia o nombre geográfico como elemento de entrada |
Constructivismo. |
| 650 #4 - PUNTO DE ACCESO ADICIONAL DE MATERIA--TÉRMINO DE MATERIA |
| Término de materia o nombre geográfico como elemento de entrada |
Educación a distancia. |
| 650 #4 - PUNTO DE ACCESO ADICIONAL DE MATERIA--TÉRMINO DE MATERIA |
| Término de materia o nombre geográfico como elemento de entrada |
Tutor inteligente. |
| 655 #4 - TERMINO DE INDIZACIÓN--GENERO/FORMA |
| Datos o término principal de género/forma |
Libros electrónicos. |
| 700 1# - ENTRADA AGREGADA--NOMBRE PERSONAL |
| Nombre de persona |
Barrientos Núñez, Víctor, |
| Término indicativo de función/relación |
autor. |
| 773 0# - ASIENTO DE ITEM FUENTE |
| Título |
Revista Facultad de Ingeniería. |
| Número Internacional Normalizado para Publicaciones Seriadas |
ISSN0718-1337 (Versión en línea), 0717-1072 (Versión impresa) |
| Lugar, editor y fecha de publicación |
Arica, Chile : Universidad de Tarapaca |
| Parte(s) relacionada(s) |
vol. 11, n. 1 (2003), p. 57-64 |
| 797 2# - PUNTO DE ACCESO ADICIONAL LOCAL--NOMBRE DE ENTIDAD CORPORATIVA (RLIN) |
| Nombre de entidad corporativa o nombre de jurisdicción como elemento de entrada |
elibro, Corp. |
| 856 40 - LOCALIZACIÓN Y ACCESO ELECTRÓNICOS |
| Identificador Uniforme de Recurso |
<a href="https://elibro.net/ereader/usam/12226">https://elibro.net/ereader/usam/12226</a> |